000 00315nam a22001217a 4500
020 _a0-07-881246-1
082 _a005.1 CAM
100 _aCAMPBELL MARY , CAMPBELL DAVID R
_956537
245 _aAPPLE WORKS ADVANCED FEATURES & TECHNIQUES
260 _aCALIFORNIA
_bMCGRAW HILL
_c1986
300 _a435P
942 _cBK
999 _c566928
_d566928